Smithells metals reference book. (Record no. 61099)

000 -LEADER
fixed length control field 01593cam a2200373 a 4500
001 - CONTROL NUMBER
control field 2598424
003 - CONTROL NUMBER IDENTIFIER
control field NUST-PNEC
005 - DATE AND TIME OF LATEST TRANSACTION
control field 20170116180714.0
008 - FIXED-LENGTH DATA ELEMENTS--GENERAL INFORMATION
fixed length control field 970709s1998 enka bf 001 0 eng
010 ## - LIBRARY OF CONGRESS CONTROL NUMBER
LC control number 97027401
020 ## - INTERNATIONAL STANDARD BOOK NUMBER
International Standard Book Number 0750636246
040 ## - CATALOGING SOURCE
Transcribing agency PNEC
050 00 - LIBRARY OF CONGRESS CALL NUMBER
Classification number TN671
Item number .S55 1998
082 00 - DEWEY DECIMAL CLASSIFICATION NUMBER
Classification number 669.0212 BRA
Edition number 21
100 ## - MAIN ENTRY--PERSONAL NAME
9 (RLIN) 654
Personal name Brandes, E. A.
245 00 - TITLE STATEMENT
Title Smithells metals reference book.
Statement of responsibility, etc. E. A. Brandes
246 30 - VARYING FORM OF TITLE
Title proper/short title Metals reference book
250 ## - EDITION STATEMENT
Edition statement 7th ed / edited by E.A. Brandes and G.B. Brook.
260 ## - PUBLICATION, DISTRIBUTION, ETC.
Place of publication, distribution, etc. Oxford ;
-- Boston :
Name of publisher, distributor, etc. Butterworth-Heinemann,
Date of publication, distribution, etc. 1998.
300 ## - PHYSICAL DESCRIPTION
Extent 1 v. (various pagings) :
Other physical details ill. ;
Dimensions 25 cm.
500 ## - GENERAL NOTE
General note Includes Index http://www.amazon.com/Smithells-Metals-Reference-Book-Seventh/dp/0750636246/ref=sr_1_1?s=books&ie=UTF8&qid=1413447239&sr=1-1&keywords=0750636246
500 ## - GENERAL NOTE
General note "Paperback edition (with corrections) 1998"--T.p. verso.
504 ## - BIBLIOGRAPHY, ETC. NOTE
Bibliography, etc. note Includes bibliographical references and index.
650 #0 - SUBJECT ADDED ENTRY--TOPICAL TERM
Topical term or geographic name entry element Metallurgy
General subdivision Handbooks, manuals, etc.
-- ME, IME
650 #0 - SUBJECT ADDED ENTRY--TOPICAL TERM
Topical term or geographic name entry element Metals
General subdivision Handbooks, manuals, etc.
700 1# - ADDED ENTRY--PERSONAL NAME
Personal name Brandes, Eric A.
Fuller form of name (Eric Adolph)
700 1# - ADDED ENTRY--PERSONAL NAME
Personal name Brook, G. B.
700 1# - ADDED ENTRY--PERSONAL NAME
Personal name Smithells, Colin J.
Fuller form of name (Colin James).
Title of a work Metals reference book.
856 42 - ELECTRONIC LOCATION AND ACCESS
Materials specified Publisher description
Uniform Resource Identifier <a href="http://www.loc.gov/catdir/description/els032/97027401.html">http://www.loc.gov/catdir/description/els032/97027401.html</a>
856 41 - ELECTRONIC LOCATION AND ACCESS
Materials specified Table of contents
Uniform Resource Identifier <a href="http://www.loc.gov/catdir/toc/els032/97027401.html">http://www.loc.gov/catdir/toc/els032/97027401.html</a>
906 ## - LOCAL DATA ELEMENT F, LDF (RLIN)
a 7
b cbc
c orignew
d 1
e ocip
f 19
g y-gencatlg
942 ## - ADDED ENTRY ELEMENTS (KOHA)
Source of classification or shelving scheme
Koha item type Book
Holdings
Withdrawn status Lost status Source of classification or shelving scheme Damaged status Not for loan Permanent Location Current Location Shelving location Date acquired Source of acquisition Cost, normal purchase price Total Checkouts Full call number Barcode Date last seen Cost, replacement price Price effective from Koha item type
          Pakistan Navy Engineering College (PNEC) Pakistan Navy Engineering College (PNEC) Reference 07/05/2003 Paramount Publishing Enterprises 5840.00   669.0212 BRA PNECLIB-026111 10/16/2014 5840.00 07/05/2003 Book
© 2023 Central Library, National University of Sciences and Technology. All Rights Reserved.